| 000 | 00896nas a2200289 4500 | ||
|---|---|---|---|
| 001 | BR0202000 | ||
| 003 | BR-BrBNA | ||
| 005 | 20231205102905.0 | ||
| 007 | ta | ||
| 008 | 230509b bl.|||p| |||| 00| 00por d | ||
| 040 |
_aBR-BrBNA _bpor _cBiblioteca Nacional de Agricultura |
||
| 041 | _a(Pt) | ||
| 072 | _aF02; P34 | ||
| 100 | 1 | _aSilveira, S.V. da | |
| 100 | 1 | _aSouza, P.V.D. de | |
| 100 | 1 | _aKoller, O.C. | |
| 245 | 1 | _aInfluência de fungos micorrízicos arbusculares sobre o desenvolvimento vegetativo de porta-enxertos de abacateiro | |
| 650 | _aABACATE | ||
| 650 | _aPORTA ENXERTO | ||
| 650 | _aMICORRIZA | ||
| 650 | _aINOCULAÇÃO | ||
| 650 | _aESTUFA | ||
| 650 | _aNUTRIÇÃO VEGETAL | ||
| 773 | 0 |
_tPesquisa Agropecuária Brasileira (Brazil) _xISSN 0100-204X _g(Mar 2002), v. 37(3) p. 303-309 _wBR0202000 |
|
| 909 |
_a202311 _bLúcia _c55 _dLúcia Elande |
||
| 942 |
_2AGRIS _n0 _cANA |
||
| 999 |
_c169911 _d169911 |
||